<?xml version="1.0" encoding="UTF-8"?>
<marc:record xmlns:marc="http://www.loc.gov/MARC21/slim">
   <marc:leader>00000nam a2200000 a 4500</marc:leader>
   <marc:datafield ind1="1" ind2=" " tag="100">
      <marc:subfield code="a">Macmillan, Gilly</marc:subfield>
      <marc:subfield code="4">aut</marc:subfield>
      <marc:subfield code="e">Verfasser/-in</marc:subfield>
   </marc:datafield>
   <marc:datafield ind1=" " ind2=" " tag="653">
      <marc:subfield code="a">DRE</marc:subfield>
   </marc:datafield>
   <marc:datafield ind1=" " ind2=" " tag="653">
      <marc:subfield code="a">Engl.</marc:subfield>
   </marc:datafield>
   <marc:datafield ind1=" " ind2=" " tag="653">
      <marc:subfield code="a">Thriller</marc:subfield>
   </marc:datafield>
   <marc:datafield ind1="0" ind2="0" tag="245">
      <marc:subfield code="a">Perfect Girl</marc:subfield>
   </marc:datafield>
   <marc:datafield ind1="0" ind2="0" tag="245">
      <marc:subfield code="b">nur du kennst die Wahrheit. Thriller.</marc:subfield>
   </marc:datafield>
   <marc:datafield ind1="0" ind2="0" tag="245">
      <marc:subfield code="c">Macmillan, Gilly</marc:subfield>
   </marc:datafield>
   <marc:datafield ind1="1" ind2=" " tag="520">
      <marc:subfield code="a">Als die hochbegabte Pianistin Zoe gemeinsam mit ihrem Stiefbruder ein Konzert gibt, taucht im Publikum ein Mann auf, der Zoe als Mörderin beschimpft. Wenige Stunden später ist ihre Mutter tot. Und es zeigt sich, dass Zoe nicht die einzige ist, die ein dunkles Geheimnis hütet ...&#xD;
&#xD;
In nur 24 Stunden bricht eine scheinbar heile Welt zusammen: Gilly Macmillan enthüllt ein Familiendrama in perfiden, elegant verschachtelten Häppchen.</marc:subfield>
   </marc:datafield>
   <marc:datafield ind1=" " ind2=" " tag="020">
      <marc:subfield code="a">9783426520567</marc:subfield>
      <marc:subfield code="9">9783426520567</marc:subfield>
   </marc:datafield>
   <marc:datafield ind1=" " ind2=" " tag="020">
      <marc:subfield code="a">3426520567</marc:subfield>
      <marc:subfield code="9">3426520567</marc:subfield>
   </marc:datafield>
</marc:record>
